[Event "FAI-chT 2021"]
[Site "Faroe Islands"]
[Date "2021.02.21"]
[Round "8.1"]
[White "Mortensen, Rogvi"]
[Black "Rasmussen, Steintor"]
[Result "1-0"]
[WhiteElo "2026"]
[BlackElo "2048"]
[PlyCount "77"]
[EventDate "2020.10.04"]
[EventType "team-tourn"]
[EventRounds "10"]
[EventCountry "FAI"]
[SourceTitle "EXT 2022"]
[Source "ChessBase"]
[SourceDate "2021.10.06"]
[SourceVersion "1"]
[SourceVersionDate "2021.10.06"]
[SourceQuality "1"]
[WhiteTeam "Havnin II"]
[BlackTeam "Klaksvik II"]
[WhiteTeamCountry "FAI"]
[BlackTeamCountry "FAI"]

1. d4 Nf6 2. c4 g6 3. Nc3 d6 4. e4 Bg7 5. Nf3 0-0 6. Be2 e5 7. Be3 Nc6 8. d5 Ne7 9. Nd2 Ne8 10. b4 f5 11. f3 a5 12. a3 axb4 13. axb4 Rxa1 14. Qxa1 f4 15. Bf2 g5 16. h4 gxh4 17. Bxh4 Bf6 18. Bxf6 Nxf6 19. c5 Bd7 20. Nc4 Nc8 21. Kf2 Ne8 22. Qa8 Qg5 23. Bf1 dxc5 24. bxc5 Qe7 25. Qa3 Ng7 26. Bd3 Qg5 27. Ne2 Rf6 28. Qb2 Rg6 29. Rh2 Qe7 30. Nxe5 Qxc5+ 31. Qd4 Qxd4+ 32. Nxd4 Rd6 33. Rh4 c6 34. Nc4 b5 35. Nxd6 Nxd6 36. dxc6 Be8 37. Nxb5 Nc8 38. Nd4 Bg6 39. Ba6 1-0

[Event "FAI-chT 2021"]
[Site "Faroe Islands"]
[Date "2021.02.07"]
[Round "7.3"]
[White "Jacobsen, Eivind"]
[Black "Rasmussen, Steintor"]
[Result "1/2-1/2"]
[WhiteElo "1640"]
[BlackElo "2048"]
[PlyCount "115"]
[EventDate "2020.10.04"]
[EventType "team-tourn"]
[EventRounds "10"]
[EventCountry "FAI"]
[SourceTitle "EXT 2022"]
[Source "ChessBase"]
[SourceDate "2021.10.06"]
[SourceVersion "1"]
[SourceVersionDate "2021.10.06"]
[SourceQuality "1"]
[WhiteTeam "Kollafjordur"]
[BlackTeam "Klaksvik"]
[WhiteTeamCountry "FAI"]
[BlackTeamCountry "FAI"]

1. e4 d5 2. exd5 Nf6 3. Nc3 Nxd5 4. Bc4 e6 5. Nf3 Be7 6. d4 0-0 7. 0-0 Nc6 8. Nxd5 exd5 9. Bb5 Bg4 10. Bxc6 bxc6 11. Qd3 Bxf3 12. Qxf3 Rb8 13. b3 Re8 14. Bd2 Bd6 15. Rae1 Qh4 16. g3 Qxd4 17. Bc3 Qc5 18. Qd3 Re4 19. Rxe4 dxe4 20. Qd4 Qxd4 21. Bxd4 f5 22. Rd1 Kf7 23. f3 Rd8 24. Be3 exf3 25. Kf2 g5 26. Kxf3 g4+ 27. Ke2 Re8 28. Kd3 h5 29. Rf1 Kg6 30. Bf4 Re4 31. Be3 a6 32. c4 h4 33. gxh4 Bxh2 34. h5+ Kf6 35. h6 Re7 36. Rh1 g3 37. Re1 Kg6 38. Re2 Re4 39. Rg2 Rh4 40. Ke2 f4 41. Bd2 Kxh6 42. Kf3 Kg5 43. Re2 Kf5 44. Re7 Bg1 45. Rf7+ Ke6 46. Rxc7 Kd6 47. Rf7 Ke6 48. Rxf4 Rh2 49. Re4+ Kd7 50. Be3 Bxe3 51. Rxe3 Rxa2 52. Kxg3 c5 53. Kf3 Rd2 54. Ke4 Rd4+ 55. Ke5 Kc6 56. Rh3 Kb6 57. Rh8 Ka5 58. Rb8 1/2-1/2

[Event "FAI-chT 2021"]
[Site "Faroe Islands"]
[Date "2020.11.22"]
[Round "5.3"]
[White "Rasmussen, Steintor"]
[Black "Hansen, Herluf"]
[Result "1/2-1/2"]
[WhiteElo "2048"]
[BlackElo "1971"]
[PlyCount "50"]
[EventDate "2020.10.04"]
[EventType "team-tourn"]
[EventRounds "10"]
[EventCountry "FAI"]
[SourceTitle "EXT 2022"]
[Source "ChessBase"]
[SourceDate "2021.10.06"]
[SourceVersion "1"]
[SourceVersionDate "2021.10.06"]
[SourceQuality "1"]
[WhiteTeam "Klaksvik"]
[BlackTeam "Havnin II"]
[WhiteTeamCountry "FAI"]
[BlackTeamCountry "FAI"]

1. e4 c5 2. Nf3 e6 3. d4 cxd4 4. Nxd4 Nc6 5. Be2 Nf6 6. Bf3 Qb6 7. Nb3 Be7 8. 0-0 0-0 9. Be3 Qc7 10. Nc3 a6 11. Nd2 b5 12. a4 b4 13. Ne2 d5 14. exd5 Nxd5 15. Bxd5 exd5 16. Nb3 Bd6 17. h3 Ne5 18. Nbd4 Nc4 19. Bc1 Be5 20. c3 bxc3 21. Nxc3 Bb7 22. b3 Nd6 23. Bb2 Ne4 24. Rc1 Qb6 25. Nce2 Rfd8 1/2-1/2

[Event "FAI-chT 2021"]
[Site "Faroe Islands"]
[Date "2020.10.11"]
[Round "2.2"]
[White "Joensen, Jogvan Martin"]
[Black "Rasmussen, Steintor"]
[Result "1/2-1/2"]
[WhiteElo "1779"]
[BlackElo "2048"]
[PlyCount "50"]
[EventDate "2020.10.04"]
[EventType "team-tourn"]
[EventRounds "10"]
[EventCountry "FAI"]
[SourceTitle "EXT 2022"]
[Source "ChessBase"]
[SourceDate "2021.10.06"]
[SourceVersion "1"]
[SourceVersionDate "2021.10.06"]
[SourceQuality "1"]
[WhiteTeam "Kollafjordur"]
[BlackTeam "Klaksvik"]
[WhiteTeamCountry "FAI"]
[BlackTeamCountry "FAI"]

1. e4 d5 2. exd5 Qxd5 3. c4 Qa5 4. Be2 e5 5. Nf3 e4 6. Nd4 Qe5 7. Nc2 Nf6 8. Nc3 c6 9. d4 exd3 10. Qxd3 Bf5 11. Qe3 Nbd7 12. Nd4 Bg6 13. Qxe5+ Nxe5 14. 0-0 0-0-0 15. Nf3 Nxf3+ 16. Bxf3 Bb4 17. Be3 Kb8 18. Rfc1 Rd7 19. h3 Re8 20. a3 Bxc3 21. Rxc3 Rd3 22. Rac1 h6 23. b4 Rxc3 24. Rxc3 Ne4 25. Rc1 Ng5 1/2-1/2

[Event "FAI-chT 1819"]
[Site "Faroe Islands"]
[Date "2018.10.28"]
[Round "1.2"]
[White "Gaard, Ingolf"]
[Black "Rasmussen, Steintor"]
[Result "0-1"]
[WhiteElo "1941"]
[BlackElo "2055"]
[PlyCount "82"]
[EventDate "2018.10.28"]
[EventType "team-tourn"]
[EventRounds "10"]
[EventCountry "FAI"]
[SourceTitle "CBM 189 Extra"]
[Source "ChessBase"]
[SourceDate "2019.06.03"]
[SourceVersion "1"]
[SourceVersionDate "2019.06.03"]
[SourceQuality "1"]
[WhiteTeam "Klaksvik II"]
[BlackTeam "Klaksvik"]
[WhiteTeamCountry "FAI"]
[BlackTeamCountry "FAI"]

1. d4 Nf6 2. c4 g6 3. Nc3 Bg7 4. e4 d6 5. f4 0-0 6. Nf3 Bg4 7. Be2 c6 8. 0-0 Qc7 9. e5 Ne8 10. Ng5 Bxe2 11. Qxe2 h6 12. Nge4 f5 13. Nf2 dxe5 14. fxe5 Qb6 15. Rd1 Nd7 16. h4 e6 17. Nh3 c5 18. d5 exd5 19. Rxd5 Qc6 20. e6 Nb6 21. e7 Rf7 22. Rd8 Kh7 23. Nd5 Rc8 24. Bf4 Bf6 25. Rd1 Bxh4 26. Bc7 Nxd5 27. cxd5 Qxc7 28. d6 Nxd6 29. Qe5 Rxd8 30. exd8Q Qxd8 31. Rxd6 Rd7 32. Rxd7+ Qxd7 33. Qxc5 Qe7 34. Qxe7+ Bxe7 35. Nf4 g5 36. Nd5 Bc5+ 37. Kf1 h5 38. b4 Bd6 39. b5 g4 40. a4 b6 41. Ke2 h4 0-1

[Event "FAI-chT 1718"]
[Site "Faroe Islands"]
[Date "2018.01.20"]
[Round "4.3"]
[White "Thorsteinsson, Sjurdur"]
[Black "Rasmussen, Steintor"]
[Result "1/2-1/2"]
[WhiteElo "2187"]
[BlackElo "2059"]
[PlyCount "68"]
[EventDate "2017.10.22"]
[EventType "team-tourn"]
[EventRounds "10"]
[EventCountry "FAI"]
[SourceTitle "EXT 2019"]
[Source "ChessBase"]
[SourceDate "2018.10.10"]
[SourceVersion "1"]
[SourceVersionDate "2018.10.10"]
[SourceQuality "1"]
[WhiteTeam "Havnin"]
[BlackTeam "Klaksvik"]
[WhiteTeamCountry "FAI"]
[BlackTeamCountry "FAI"]

1. d4 Nf6 2. c4 g6 3. f3 Bg7 4. e4 d6 5. Nc3 0-0 6. Be3 c6 7. Qd2 e5 8. Nge2 exd4 9. Nxd4 Nbd7 10. 0-0-0 d5 11. exd5 cxd5 12. cxd5 Nb6 13. Nc2 Bf5 14. g4 Bxc2 15. Kxc2 Rc8 16. Kb1 Nfd7 17. f4 Nc4 18. Bxc4 Rxc4 19. Qd3 b5 20. Rd2 Qa5 21. Rc1 Rfc8 22. Ne2 Nb6 23. Bxb6 Qxb6 24. Rcd1 Qd6 25. h3 R8c5 26. Rf1 Qc7 27. d6 Qd7 28. f5 Be5 29. Rfd1 Kg7 30. Qf3 f6 31. Nd4 Kf7 32. Ne6 Rc6 33. b3 Rc3 34. Qe2 Rxh3 1/2-1/2

[Event "FAI-chT 1516"]
[Site "Faroe Islands"]
[Date "2016.03.12"]
[Round "7.3"]
[White "Gudmundsen, Torur"]
[Black "Rasmussen, Steintor"]
[Result "0-1"]
[WhiteElo "1704"]
[BlackElo "2101"]
[PlyCount "25"]
[EventDate "2015.10.25"]
[EventType "team-tourn"]
[EventRounds "10"]
[EventCountry "FAI"]
[SourceTitle "EXT 2017"]
[Source "ChessBase"]
[SourceDate "2016.10.25"]
[SourceVersion "1"]
[SourceVersionDate "2016.10.25"]
[SourceQuality "1"]
[WhiteTeam "Sandavagur II"]
[BlackTeam "Klaksvik"]
[WhiteTeamCountry "FAI"]
[BlackTeamCountry "FAI"]

1. d4 Nf6 2. c4 g6 3. Nf3 Bg7 4. Bf4 d6 5. e3 0-0 6. Be2 Nbd7 7. Nc3 c6 8. Rb1 Re8 9. 0-0 e5 10. dxe5 dxe5 11. Bxe5 Nxe5 12. Qxd8 Nxf3+ 13. Bxf3 0-1

[Event "FAI-chT 1314"]
[Site "Torshavn"]
[Date "2014.02.09"]
[Round "8.3"]
[White "Joensen, Helgi"]
[Black "Rasmussen, Steintor"]
[Result "0-1"]
[WhiteElo "1808"]
[BlackElo "2090"]
[PlyCount "88"]
[EventDate "2013.10.27"]
[EventType "team-tourn"]
[EventRounds "10"]
[EventCountry "FAI"]
[SourceTitle "EXT 2019"]
[Source "ChessBase"]
[SourceDate "2018.10.10"]
[SourceVersion "1"]
[SourceVersionDate "2018.10.10"]
[SourceQuality "1"]
[WhiteTeam "Toftir"]
[BlackTeam "Klaksvik"]
[WhiteTeamCountry "FAI"]
[BlackTeamCountry "FAI"]

1. d4 Nf6 2. Nf3 g6 3. g3 Bg7 4. Bg2 0-0 5. c4 c6 6. 0-0 d5 7. cxd5 cxd5 8. Nc3 Nc6 9. Ne5 e6 10. Nf3 Ne4 11. e3 Nxc3 12. bxc3 Na5 13. Re1 Qc7 14. Bb2 Nc4 15. Qb3 Bd7 16. a4 b5 17. axb5 Rfb8 18. Ba3 Rxb5 19. Qc2 Nxa3 20. Rxa3 Rab8 21. Rea1 a5 22. Bf1 Rb2 23. Qc1 a4 24. Ne1 Bf8 25. R3a2 Rxa2 26. Rxa2 Rb3 27. Rc2 Qb7 28. Nd3 Rb1 29. Qd2 Bb5 30. Rc1 Bc4 31. Nc5 Bxc5 32. dxc5 Bxf1 33. Rxf1 Rxf1+ 34. Kxf1 Qb5+ 35. Kg2 Qxc5 36. Qb2 a3 37. Qb8+ Kg7 38. Qe5+ Kf8 39. Qb8+ Ke7 40. Qb7+ Kf6 41. Qa8 Kg7 42. h4 Qxc3 43. h5 gxh5 44. Qd8 h6 0-1

[Event "FAI-chT 1314"]
[Site "Torshavn"]
[Date "2014.01.25"]
[Round "7.3"]
[White "Rasmussen, Steintor"]
[Black "Samuelsen, Carl Eli Nolsoe"]
[Result "1/2-1/2"]
[WhiteElo "2090"]
[BlackElo "2194"]
[PlyCount "94"]
[EventDate "2013.10.27"]
[EventType "team-tourn"]
[EventRounds "10"]
[EventCountry "FAI"]
[SourceTitle "EXT 2019"]
[Source "ChessBase"]
[SourceDate "2018.10.10"]
[SourceVersion "1"]
[SourceVersionDate "2018.10.10"]
[SourceQuality "1"]
[WhiteTeam "Klaksvik"]
[BlackTeam "Sandavagur"]
[WhiteTeamCountry "FAI"]
[BlackTeamCountry "FAI"]

1. d4 Nf6 2. c4 e6 3. Nc3 Bb4 4. Qc2 d5 5. Bg5 h6 6. Bh4 c5 7. 0-0-0 Bxc3 8. Qxc3 cxd4 9. Qxd4 Nc6 10. Bxf6 gxf6 11. Qh4 Ne5 12. cxd5 exd5 13. e4 Bd7 14. Ne2 Rc8+ 15. Nc3 d4 16. Rxd4 Qb6 17. Rd2 Ke7 18. f4 Rxc3+ 19. bxc3 Rc8 20. Qg3 Qb4 21. Rc2 Qa3+ 22. Kd2 Nc4+ 23. Bxc4 Rxc4 24. Qd3 Qc5 25. Re1 Qf2+ 26. Kd1 Ba4 27. Ree2 Qf1+ 28. Kd2 Rc7 29. Ke3 Qg1+ 30. Kf3 Bxc2 31. Rxc2 Rd7 32. Qe2 Qxh2 33. Rd2 Qh5+ 34. Kg3 Qg6+ 35. Kf3 Qh5+ 36. Kg3 Qxe2 37. Rxe2 Rd3+ 38. Kh4 Rxc3 39. Kh5 b5 40. Kxh6 b4 41. Kh5 a5 42. Kg4 Ke6 43. Kh4 a4 44. e5 b3 45. exf6+ Kxf6 46. axb3 axb3 47. Re5 Rc4 1/2-1/2

[Event "FAI-chT 1314"]
[Site "Torshavn"]
[Date "2013.11.16"]
[Round "4.2"]
[White "Rasmussen, Steintor"]
[Black "Nas, Flovin Tor"]
[Result "1-0"]
[WhiteElo "2090"]
[BlackElo "2252"]
[PlyCount "61"]
[EventDate "2013.10.27"]
[EventType "team-tourn"]
[EventRounds "10"]
[EventCountry "FAI"]
[SourceTitle "EXT 2015"]
[Source "ChessBase"]
[SourceDate "2014.11.20"]
[SourceVersion "1"]
[SourceVersionDate "2014.11.20"]
[SourceQuality "1"]
[WhiteTeam "Klaksvik"]
[BlackTeam "Havnin"]
[WhiteTeamCountry "FAI"]
[BlackTeamCountry "FAI"]

1. d4 d5 2. c4 e6 3. Nc3 c5 4. cxd5 exd5 5. Nf3 Nc6 6. e3 Nf6 7. Be2 cxd4 8. Nxd4 Bc5 9. 0-0 0-0 10. Bf3 Bb6 11. Nce2 Ne5 12. Bd2 Ne4 13. Bb4 Re8 14. Ng3 Qh4 15. Bxe4 dxe4 16. Ndf5 Bxf5 17. Nxf5 Qg5 18. Ng3 Ng4 19. Qe2 Re6 20. Rad1 Rae8 21. Rd7 Nxh2 22. Rfd1 Ng4 23. R1d5 Re5 24. Rxe5 Nxe5 25. Rxb7 Nc6 26. Bc3 h6 27. Nh5 Ne5 28. Nf4 Nf3+ 29. Kf1 Qh4 30. Qc4 Qh1+ 31. Ke2 1-0

[Event "FAI-chT 1314"]
[Site "Torshavn"]
[Date "2013.11.03"]
[Round "2.2"]
[White "Rasmussen, Steintor"]
[Black "Nielsen, Hogni Egilstoft"]
[Result "1-0"]
[WhiteElo "2090"]
[BlackElo "2102"]
[PlyCount "125"]
[EventDate "2013.10.27"]
[EventType "team-tourn"]
[EventRounds "10"]
[EventCountry "FAI"]
[SourceTitle "EXT 2015"]
[Source "ChessBase"]
[SourceDate "2014.11.20"]
[SourceVersion "1"]
[SourceVersionDate "2014.11.20"]
[SourceQuality "1"]
[WhiteTeam "Klaksvik"]
[BlackTeam "Sandavagur"]
[WhiteTeamCountry "FAI"]
[BlackTeamCountry "FAI"]

1. e4 e5 2. Nf3 Nc6 3. Bc4 Nf6 4. Nc3 Nxe4 5. 0-0 Nd6 6. Bb3 Be7 7. Re1 e4 8. Nxe4 Nxe4 9. Rxe4 d5 10. Re1 Bg4 11. h3 Bh5 12. d4 0-0 13. c3 Qd6 14. Qd3 Bg6 15. Qb5 Be4 16. Nd2 Bf5 17. Qxd5 Qg6 18. Qf3 Rae8 19. Nc4 b5 20. Ne5 Nxe5 21. dxe5 Bc5 22. Bf4 Re7 23. Rad1 Rfe8 24. Rd5 Bb6 25. Rxb5 Bd7 26. Rb4 c5 27. Rc4 Bb5 28. Qg3 Bxc4 29. Qxg6 hxg6 30. Bxc4 Bc7 31. Bb5 Rb8 32. a4 a6 33. Bxa6 Rxb2 34. Bc4 Rc2 35. Re3 g5 36. Bg3 g6 37. e6 fxe6 38. Rxe6 Rxe6 39. Bxe6+ Kf8 40. Bxc7 Ke7 41. Bd5 Rxc3 42. f3 Kd7 43. Bb6 c4 44. a5 Rc1+ 45. Kf2 c3 46. Be4 Ra1 47. Ke2 Ke6 48. Kd3 Ra3 49. Bxg6 Ke5 50. Bd4+ Kf4 51. Bxc3 Kg3 52. Kc4 Kxg2 53. Kb4 Ra2 54. Bf7 Re2 55. a6 Re7 56. Bd5 Rd7 57. Bb7 Kxh3 58. Ka5 Rd3 59. Bb4 Rd1 60. Ka4 Kg3 61. a7 Rd8 62. Bd6+ Rxd6 63. a8Q 1-0

[Event "FAI-chT 1314"]
[Site "Torshavn"]
[Date "2013.10.27"]
[Round "1.2"]
[White "Rasmussen, Steintor"]
[Black "Baldursson, Rani"]
[Result "1/2-1/2"]
[WhiteElo "2090"]
[BlackElo "1943"]
[PlyCount "94"]
[EventDate "2013.10.27"]
[EventType "team-tourn"]
[EventRounds "10"]
[EventCountry "FAI"]
[SourceTitle "EXT 2015"]
[Source "ChessBase"]
[SourceDate "2014.11.20"]
[SourceVersion "1"]
[SourceVersionDate "2014.11.20"]
[SourceQuality "1"]
[WhiteTeam "Klaksvik"]
[BlackTeam "Klaksvik II"]
[WhiteTeamCountry "FAI"]
[BlackTeamCountry "FAI"]

1. d4 Nf6 2. Nf3 g6 3. c4 Bg7 4. Nc3 0-0 5. e4 d6 6. Be2 e5 7. d5 a5 8. 0-0 Na6 9. Ne1 Nc5 10. f3 Nfd7 11. Be3 f5 12. Rb1 f4 13. Bf2 g5 14. Nd3 Nxd3 15. Qxd3 Rf6 16. Rfc1 Rh6 17. Qd1 b6 18. h3 Nf6 19. Kf1 Bxh3 20. gxh3 Rxh3 21. Ke1 Rh1+ 22. Bf1 Qc8 23. Qe2 g4 24. fxg4 Nxg4 25. Kd2 Rh2 26. Nd1 Qd7 27. Rc3 Ne3 28. Kd3 Rf8 29. Qe1 Nxf1 30. Qxf1 b5 31. cxb5 Qxb5+ 32. Rc4 c5 33. Kc2 h5 34. b3 Qd7 35. Qg1 Qh3 36. Rc3 f3 37. Kd3 Rg2 38. Qe1 Bh6 39. Rb2 Bg5 40. Rcc2 Qg4 41. Be3 h4 42. Nf2 Qg3 43. Bxg5 Qxg5 44. Qxa5 Qh6 45. Qd2 Rf4 46. Qa5 h3 47. Rb1 Qh4 1/2-1/2

[Event "FAI-chT 1213"]
[Site "Faroe Islands"]
[Date "2013.02.17"]
[Round "8.1"]
[White "Rodgaard, John"]
[Black "Rasmussen, Steintor"]
[Result "1-0"]
[WhiteElo "2360"]
[BlackElo "2100"]
[PlyCount "113"]
[EventDate "2012.10.28"]
[EventType "team-tourn"]
[EventRounds "10"]
[EventCountry "FAI"]
[SourceTitle "EXT 2014"]
[Source "ChessBase"]
[SourceDate "2013.11.20"]
[SourceVersion "1"]
[SourceVersionDate "2013.11.20"]
[SourceQuality "1"]
[WhiteTeam "Vestmanna"]
[BlackTeam "Klaksvik II"]
[WhiteTeamCountry "FAI"]
[BlackTeamCountry "FAI"]

1. c4 e5 2. Nc3 Nc6 3. Nf3 g6 4. d4 exd4 5. Nxd4 Bg7 6. Nxc6 bxc6 7. g3 Nf6 8. Bg2 0-0 9. 0-0 Qe8 10. Bf4 d6 11. Qd2 Nh5 12. Bh6 Bxh6 13. Qxh6 f5 14. Rad1 Rb8 15. Qd2 Nf6 16. b3 Bd7 17. Rfe1 Qf7 18. e4 Ng4 19. h3 Nf6 20. e5 dxe5 21. Rxe5 Rfe8 22. f4 Rbd8 23. Qd4 Be6 24. Qxd8 Rxd8 25. Rxd8+ Kg7 26. Bxc6 Bxc4 27. Be8 Qf8 28. bxc4 Qa3 29. Re3 Ne4 30. Nd1 Qxa2 31. Bc6 Qxc4 32. Bxe4 fxe4 33. Rd2 a5 34. Nc3 Qb4 35. Nxe4 a4 36. Rdd3 Qb1+ 37. Kg2 h5 38. Ng5 Qc2+ 39. Kf3 Qc6+ 40. Ne4 Qc1 41. Kg2 Kh6 42. Rc3 Qb2+ 43. Nf2 Qb7+ 44. Kh2 Qb2 45. Rf3 c5 46. g4 h4 47. f5 gxf5 48. gxf5 Qb8+ 49. Kg2 Kg7 50. Rxc5 Kf7 51. Rcc3 Qb7 52. f6 Qb8 53. Rce3 Qg8+ 54. Ng4 Qd8 55. Ne5+ Kf8 56. f7 Qd2+ 57. Kf1 1-0

[Event "FAI-chT 0809"]
[Site "Faroe Islands"]
[Date "2009.02.22"]
[Round "8.1"]
[White "Rasmussen, Steintor"]
[Black "Berg, Olaf"]
[Result "0-1"]
[WhiteElo "2139"]
[BlackElo "2183"]
[PlyCount "62"]
[EventDate "2008.09.28"]
[EventType "team-tourn"]
[EventRounds "10"]
[EventCountry "FAI"]
[SourceTitle "EXT 2011"]
[Source "ChessBase"]
[SourceDate "2010.11.26"]
[SourceVersion "1"]
[SourceVersionDate "2010.11.26"]
[SourceQuality "1"]

1. d4 Nf6 2. c4 e5 3. dxe5 Ng4 4. e4 Nxe5 5. f4 Ng6 6. Be3 Bb4+ 7. Nd2 0-0 8. Ngf3 Re8 9. Bd3 d6 10. Qc2 Na6 11. g3 Bg4 12. 0-0 Nc5 13. a3 Bxd2 14. Nxd2 Qd7 15. b4 Nxd3 16. Qxd3 Re7 17. Rae1 Rae8 18. Qc3 f6 19. Bxa7 b6 20. c5 Qc6 21. Qc4+ Be6 22. Qa6 d5 23. cxb6 dxe4 24. Rxe4 Bd5 25. Rxe7 Rxe7 26. Qc8+ Kf7 27. b7 Re2 28. Rf2 Rxd2 29. Qd7+ Qxd7 30. Rxd2 Qc6 31. b8Q Qc1+ 0-1

[Event "FAI-chT 0809"]
[Site "Faroe Islands"]
[Date "2008.09.28"]
[Round "1.3"]
[White "Rasmussen, Steintor"]
[Black "Baldursson, Rani"]
[Result "1/2-1/2"]
[WhiteElo "2139"]
[BlackElo "1922"]
[PlyCount "110"]
[EventDate "2008.09.28"]
[EventType "team-tourn"]
[EventRounds "10"]
[EventCountry "FAI"]
[SourceTitle "EXT 2011"]
[Source "ChessBase"]
[SourceDate "2010.11.26"]
[SourceVersion "1"]
[SourceVersionDate "2010.11.26"]
[SourceQuality "1"]

1. d4 Nf6 2. Nf3 g6 3. c4 d6 4. Nc3 Bg7 5. e4 0-0 6. Be2 c5 7. 0-0 cxd4 8. Nxd4 Nc6 9. Be3 Bd7 10. Kh1 a6 11. f4 e5 12. Nxc6 Bxc6 13. Bf3 Rc8 14. Qb3 Qe7 15. Rfe1 Kh8 16. Rad1 Ne8 17. Qb4 f5 18. c5 fxe4 19. cxd6 Qd7 20. Bxe4 exf4 21. Bxc6 Rxc6 22. Bxf4 Bf6 23. Re7 Bxe7 24. dxe7 Rxf4 25. Qxf4 Qxe7 26. Nd5 Qd6 27. Qf7 Nf6 28. Ne3 Rc7 29. Qb3 Qe7 30. Nd5 Nxd5 31. Qxd5 Kg7 32. h3 Qf6 33. b4 Rf7 34. a4 Qf5 35. Qb3 Rd7 36. Qc3+ Kh6 37. Qc1+ Kg7 38. Rf1 Qe5 39. Qc8 Qe7 40. Rc1 Qf7 41. b5 axb5 42. axb5 Qd5 43. b6 Rf7 44. Qe8 Rf2 45. Rc7+ Rf7 46. Qe1 Kh6 47. Qe3+ Kg7 48. Qc1 h5 49. h4 Qd4 50. Rxf7+ Kxf7 51. Qc7+ Kf6 52. g3 Qd1+ 53. Kg2 Qe2+ 54. Kg1 Qe1+ 55. Kg2 Qe2+ 1/2-1/2

[Event "FAI-ch"]
[Site "Faroe Islands"]
[Date "1999.??.??"]
[Round "6"]
[White "Rasmussen, Steintor"]
[Black "Naes, Flovin Tor"]
[Result "0-1"]
[WhiteElo "2165"]
[BlackElo "2200"]
[PlyCount "80"]
[EventDate "1999.03.26"]
[EventType "swiss"]
[EventRounds "9"]
[EventCountry "FAI"]
[SourceTitle "EXT 2002"]
[Source "ChessBase"]
[SourceDate "2001.11.25"]
[SourceVersion "1"]
[SourceVersionDate "2001.11.25"]
[SourceQuality "1"]

1. d4 d5 2. c4 dxc4 3. Nc3 Nf6 4. e4 e5 5. d5 Bc5 6. Bg5 c6 7. Qd2 b5 8. Bxf6 Qxf6 9. dxc6 Qxc6 10. Nf3 Nd7 11. a4 a6 12. Nd5 0-0 13. Be2 Bb7 14. Rd1 Rfd8 15. 0-0 f6 16. Nh4 Nb6 17. axb5 axb5 18. Bf3 Nxd5 19. exd5 Qd7 20. h3 Bd4 21. Qe2 Ra2 22. Rxd4 exd4 23. Bg4 Qe8 24. Be6+ Kh8 25. Re1 Bxd5 26. Bxd5 Qxe2 27. Rxe2 d3 28. Re4 g5 29. Nf5 d2 30. Rd4 Ra1+ 31. Kh2 d1Q 32. Rxd1 Rxd1 33. Bc6 b4 34. h4 c3 35. bxc3 bxc3 36. Ne3 Re1 37. Be4 Rxe3 38. fxe3 Rd2 39. hxg5 fxg5 40. Kg3 c2 0-1

[Event "FAI-ch"]
[Site "Faroe Islands"]
[Date "1999.??.??"]
[Round "9"]
[White "Rasmussen, Steintor"]
[Black "Nolsoe, Rani"]
[Result "0-1"]
[WhiteElo "2165"]
[BlackElo "2200"]
[PlyCount "80"]
[EventDate "1999.03.26"]
[EventType "swiss"]
[EventRounds "9"]
[EventCountry "FAI"]
[SourceTitle "EXT 2002"]
[Source "ChessBase"]
[SourceDate "2001.11.25"]
[SourceVersion "1"]
[SourceVersionDate "2001.11.25"]
[SourceQuality "1"]

1. d4 Nf6 2. Nf3 g6 3. Bf4 Bg7 4. Nbd2 d5 5. e3 0-0 6. h3 c5 7. c3 cxd4 8. exd4 Nc6 9. Qb3 Na5 10. Qa3 a6 11. 0-0-0 b5 12. Ne5 Bd7 13. g4 Nc4 14. Ndxc4 bxc4 15. Re1 Re8 16. g5 Ne4 17. Bg2 Bf5 18. Rhf1 f6 19. Bxe4 Bxe4 20. gxf6 exf6 21. Nc6 Qd7 22. Qd6 Qxd6 23. Bxd6 Bh6+ 24. f4 Re6 25. Ne7+ Kf7 26. Ba3 Rxe7 27. Bxe7 Kxe7 28. b3 Rb8 29. Kb2 Ke6 30. Ka3 Kf5 31. Rf2 Bxf4 32. bxc4 dxc4 33. Ree2 g5 34. Ka4 h5 35. Ka5 g4 36. hxg4+ hxg4 37. Kxa6 g3 38. Rf1 Bd3 39. Rfe1 Bxe2 40. Rxe2 Kg4 0-1